000 00401nam a2200145Ia 4500
008 191201s2005 xx 000 0 und d
082 _a620
_bEBI
100 _aEBELING, Charles E
245 3 _aAn Introduction to Reliability and Maintainability Engineering
250 _a4th Rep
260 _aN.Delhi
_bTata MC Grawhill pubg. co. Ltd
_c2005
300 _a486
650 _aB.Tech(CSE)
942 _2ddc
_cBK
999 _c784
_d784